| 000 | 00491nam a2200193Ia 4500 | ||
|---|---|---|---|
| 005 | 20250423101501.0 | ||
| 008 | 250422s9999 xx 000 0 und d | ||
| 020 | _a0-7425-2557-0 | ||
| 050 | _aJZ 1310 .U83 | ||
| 100 | _aRobert J. Art | ||
| 245 | 4 | _aThe Use of Force (Military Power and International Politics) | |
| 250 | _asixth Edition | ||
| 260 | _aNew York | ||
| 260 | _bRowman & Littlefield | ||
| 260 | _c2003 | ||
| 300 | _a483 p | ||
| 650 | _aPolitical Science | ||
| 942 | _cBK | ||
| 999 |
_c36419 _d36419 |
||